000 00574cam a22002051a 4500
001 sa 65004312
003 DLC
005 20260227112129.0
008 890324q19611995io a 000 0 ind
010 _asa 65004312
025 _aPL480:Indo-1574
035 _a(OCoLC)23570021
040 _aDLC
_cMiU
_dWU
_dDLC
042 _apremarc
050 0 0 _aPL5089.Y3
_bC56
100 1 _aYang, Mo.
245 1 0 _aNjanjian remadja /
_coleh Jang Mo.
260 _a[Djakarta] :
_bBagian Penerbitan, Lembaga Kebudajaan Rakjat,
_c[cover 1961 [i.e. 1962-
300 _av. :
_bill. ;
_c18 cm.
999 _c63672
_d63672